000 00802nam a2200241Ia 4500
003 OSt
005 20220918202023.0
006 a|||||r|||| 00| 0
007 ta
008 220917b |||||||| |||| 00| 0 eng d
024 _a98,186
037 _cTextual
040 _aARTS
_cARTS
_beng
041 _2eng
_aeng
082 _aV2:28pN69, K9
110 _aIndian Institute of Public Administration
_9101822
245 0 _aPersonal administration
_b Implementing the reforms report of the conference on Personal Administration 31st Aug-2nd Sept 1969
260 _aNew Delhi
_bIndian Institute of Public Administration
_c1969
650 _aHISTORY
700 _aIndian Institute of Public Administration
_9101823
942 _hV2:28pN69, K9
_cTEXL
_2CC
999 _c221779
_d221779